|
|
|
|
| LEADER |
00000nab a2200000 a 4500 |
| 001 |
vtls000937916 |
| 003 |
SK-MaSNL |
| 005 |
20260428104904.0 |
| 008 |
250505e19960000xo 0 slo |
| 035 |
|
|
|a BJ3635
|
| 035 |
|
|
|a urn:nbn:sk:snk-ab1im0
|
| 035 |
|
|
|a (urnnbn)urn:nbn:sk:snk:ar-0042i4
|
| 035 |
|
|
|a (uuid)d6bb0af0-c575-4987-a370-f8ccb84537e6
|
| 040 |
|
|
|a SNKBUCL
|b slo
|c SNKBUCL
|e AACR2
|
| 041 |
0 |
|
|a slo
|
| 044 |
|
|
|a xo
|c SK
|
| 080 |
|
|
|a 027.53
|2 1981
|
| 100 |
1 |
|
|a Michalková, Iveta,
|d 1962-
|4 aut
|9 1200486
|
| 245 |
1 |
0 |
|a Komplexná elektronická revízia fondu v OK Bardejov alebo máte radi revíziu?
|
| 500 |
|
|
|a VS s.1
|
| 610 |
2 |
7 |
|a Okresná knižnica (Bardejov, Slovensko)
|2 BJOKDG
|9 34630
|
| 650 |
0 |
7 |
|a knižničné fondy
|2 BJOKDG
|9 1300
|
| 650 |
0 |
7 |
|a revízia knižničných fondov
|2 BJOKDG
|9 106609
|
| 651 |
|
7 |
|a Bardejov (Slovensko)
|2 BJOKDG
|9 20040
|
| 773 |
0 |
|
|t Knižnice a informácie
|g Roč. 28, č.8-9 (1996), s. 366-368
|
| 850 |
|
|
|a Slovenská národná knižnica
|
| 852 |
|
|
|a Slovenská národná knižnica
|
| 954 |
|
|
|a odborná, vedecká literatúra pôvodná (slovenská)
|2 lita
|
| 958 |
|
|
|a article2022
|
| 958 |
|
|
|a OND
|
| 958 |
|
|
|a EUIPO
|
| 999 |
|
|
|c 2936421
|d 2938351
|